Wind power plants and project development / (Record no. 23237)

MARC details
000 -LEADER
fixed length control field 00923nam a22002895a 4500
008 - FIXED-LENGTH DATA ELEMENTS--GENERAL INFORMATION
fixed length control field 161121s 2015ii a|||frbd|| 001 0 eng d
020 ## - INTERNATIONAL STANDARD BOOK NUMBER
International Standard Book Number 812033986X
020 ## - INTERNATIONAL STANDARD BOOK NUMBER
International Standard Book Number 9788120339866
040 ## - CATALOGING SOURCE
Language of cataloging eng
Modifying agency EG-ScBUE
082 04 - DEWEY DECIMAL CLASSIFICATION NUMBER
Edition number 22
Classification number 621.45
Item number EAR
100 1# - MAIN ENTRY--PERSONAL NAME
9 (RLIN) 41693
Personal name Earnest, Joshua.
245 ## - TITLE STATEMENT
Title Wind power plants and project development /
Statement of responsibility, etc Joshua Earnest; Tore Wizelius.
250 ## - EDITION STATEMENT
Edition statement 2nd ed., eastern economy ed.
260 ## - PUBLICATION, DISTRIBUTION, ETC. (IMPRINT)
Place of publication, distribution, etc New Delhi :
Name of publisher, distributor, etc PHI Learning Private Limited,
Date of publication, distribution, etc 2011.
300 ## - PHYSICAL DESCRIPTION
Extent xxiv,504 p. :
Other physical details col. ill. ;
Dimensions 28 cm.
500 ## - GENERAL NOTE
General note Glossary : p. 485-490.
500 ## - GENERAL NOTE
General note Index : p. 501-504.
504 ## - BIBLIOGRAPHY, ETC. NOTE
Bibliography, etc Bibliography : p. 491-500.
590 ## - LOCAL NOTE (RLIN)
Local note Wessam
650 #7 - SUBJECT ADDED ENTRY--TOPICAL TERM
Source of heading or term BUEsh
9 (RLIN) 11488
Topical term or geographic name as entry element Wind power.
650 #7 - SUBJECT ADDED ENTRY--TOPICAL TERM
9 (RLIN) 28648
Topical term or geographic name as entry element Wind turbines.
Source of heading or term BUEsh
651 ## - SUBJECT ADDED ENTRY--GEOGRAPHIC NAME
Source of heading or term BUEsh
653 ## - INDEX TERM--UNCONTROLLED
Resource For college Engineering, General
Arrived date list November2016
653 ## - INDEX TERM--UNCONTROLLED
Resource For college Engineering, Mechanical
Arrived date list November2016
700 1# - ADDED ENTRY--PERSONAL NAME
9 (RLIN) 41692
Personal name Wizelius, Tore.
942 ## - ADDED ENTRY ELEMENTS (KOHA)
Source of classification or shelving scheme Dewey Decimal Classification
Edition 22
Call number prefix 621.45 EAR
Holdings
Withdrawn status Item status Source of classification or shelving scheme Damaged status Not for loan Vendor Home library Current library Shelving location Date acquired Source of acquisition Cost, normal purchase price Serial Enumeration / chronology Total Checkouts Total Renewals Full call number Barcode Date last seen Date last borrowed Cost, replacement price Koha item type
    Dewey Decimal Classification     Baccah Central Library Central Library First floor 21/11/2016 Purchase 437.00 25843 2 6 621.45 EAR 000034815 15/07/2025 19/03/2019 546.25 Book - Borrowing